Asian Challenge: Top 4 Countries Quiz Stats

 Plays Quiz Updated Nov 22, 2016

Challenge
Share
Tweet
Embed
Score 0/36 Timer 03:00
3 Plays Today
Hint Answer % Correct
Largest AreaChina
99.8%
Most Internet UsersChina
99.8%
Most AirportsChina
99.4%
Visited by the Most TouristsChina
99.3%
Most PopulousChina
99.2%
Largest AreaIndia
97.8%
Most Internet UsersIndia
97.7%
Most UniversitiesIndia
97.5%
Most PopulousIndia
97.5%
Most AirportsIndia
97.3%
Most Internet UsersJapan
96.6%
Most UniversitiesJapan
96.4%
Largest AreaRussia
96.2%
Least Densely Populated Russia
96.1%
Most Internet UsersRussia
96.1%
Most AirportsRussia
95.7%
Most PopulousIndonesia
87.8%
Most AirportsIndonesia
87.7%
Hint Answer % Correct
Most UniversitiesIndonesia
87.6%
Least Densely Populated Mongolia
85.9%
Visited by the Most TouristsThailand
82.5%
Smallest AreaSingapore
82.1%
Highest GDP Per CapitaSingapore
82.1%
Visited by the Most TouristsSingapore
81.8%
Most PopulousPakistan
80.9%
Largest AreaKazakhstan
77.5%
Least Densely Populated Kazakhstan
76.8%
Visited by the Most TouristsMalaysia
70.7%
Highest GDP Per CapitaQatar
67.5%
Highest GDP Per CapitaBrunei
62.9%
Smallest AreaBrunei
62.8%
Highest GDP Per CapitaKuwait
60.8%
Smallest AreaBahrain
60.1%
Most UniversitiesBangladesh
59.3%
Least Densely Populated Turkmenistan
48.7%
Smallest AreaMaldives
48.1%

You're not logged in!

Compare scores with friends on all Sporcle quizzes.
Join for Free
OR
Log In

You Might Also Like...

Show Comments

Extras

Top Quizzes Today


Score Distribution

Your Account Isn't Verified!

In order to create a playlist on Sporcle, you need to verify the email address you used during registration. Go to your Sporcle Settings to finish the process.

Report this User

Report this user for behavior that violates our Community Guidelines.

Details: